| 000 | 01656nam a22002777a 4500 | ||
|---|---|---|---|
| 003 | DO-SdBNP | ||
| 005 | 20220531084020.0 | ||
| 007 | ta | ||
| 008 | 210708e2017 dr ||||frg||| 001 0 spa d | ||
| 040 |
_aDO-SdBNP _bspa _cBNPHU |
||
| 041 | _hspa | ||
| 082 | 4 |
_bM843d _222 |
|
| 100 | 1 |
_aMoreno García, Guillermo Antonio _d1956 _979147 |
|
| 245 | 1 | 3 |
_aDenuncia penal contra Danilo Medina y otros implicado en expediente Odebrecht / _cGuillermo Moreno |
| 260 |
_a[Santo Domingo] : _b[Alianza País], _c2017 |
||
| 300 |
_a133 p. ; _c21 cm. |
||
| 500 | _aIncluye bibliografía y notas al pié de páginas. | ||
| 500 | _aIncluye anexos. | ||
| 505 |
_tI. De la facultad de los ciudadanos de denunciar los actos de corrupción.-- _tII. Pertinencia y oportunidad de la presente denuncia y de la ampliación de la investigación.-- _tIII. Relato circunstanciados de los hechos punibles y del desenvolvimiento procesal llevado a cabo por el Procurador General de la República.-- _tIV. Alcance y carencias de la investigación penal llevada a cabo por la Procuraduría.-- _tV. Denuncia y solicitud de ampliación de la investigación de los sobornos y otras prácticas ilícitas realizadas por Odebrecht entre 2001 - 2014.-- _tVI. Violaciones que resultan de los hechos punibles expuestos.-- _tVII. Conclusiones.-- _tAnexos 1 y 2 |
||
| 590 | _aInventariado 2021/ MF | ||
| 650 | 4 |
_912359 _aCorrupcion administrativa _zRepública Dominicana |
|
| 650 | 4 |
_96079 _aCorrupción política _zRepública Dominicana |
|
| 650 | 4 |
_914483 _aAdministración de Justicia Penal _xInvestigaciones |
|
| 650 | 4 |
_977535 _aPartidos políticos _y _zRepública Dominicana |
|
| 942 |
_2ddc _cLBS1 |
||
| 999 |
_c50075 _d50075 |
||